Statistiques concernant Personnages Desperate Housewives

Cliquez ici pour prendre le quiz!

Statistiques générales

  • Ce quiz a été pris 191 fois
    (190 depuis la dernière actualisation)
  • Le résultat moyen est 17 sur 27

Statistiques - réponses

Answer % Correct
Carlos
97%
Bree
95%
Susan
95%
Tom
94%
Julie
90%
Lynett
89%
Mike
89%
Andrew
78%
Danny
74%
Paul
73%
Lee
73%
Orson
71%
Katherine
70%
Marie Alice
69%
Bob
67%
John
67%
Edie
67%
Danielle
67%
Karen
62%
Dave
58%
Gabriella
44%
Angie
35%
Ana
26%
Betty
25%
Adam
20%
Nick
18%
Sophie
14%

Distribution des résultats

Percentile by Number Answered

% des personnes avec chaque résultat

Votre développement - résultats

Vous n’avez pas pris ce quiz depuis la dernière actualisation